|
|
|
|
| LEADER |
00000cam a2200000 7i4500 |
| 001 |
0000008122 |
| 002 |
000008861 |
| 005 |
20000330.0 |
| 020 |
|
|
|a 9679747573
|
| 090 |
0 |
0 |
|a JF
|b BLY
|
| 100 |
1 |
|
|a Blyton, Enid
|
| 245 |
1 |
0 |
|a Rahsia Istana Purnama
|c Enid Blyton ; illustrasi oleh Liza Fadly
|
| 260 |
|
|
|a Kuala Lumpur :
|b Penerbitan Fargoes Sdn. Bhd. ,
|c 1995
|
| 300 |
|
|
|a 128p. :
|b ill. ;
|c 14cm.
|
| 490 |
0 |
|
|a Misteri
|
| 650 |
0 |
0 |
|a Children's stories, Malay
|
| 700 |
1 |
|
|a Liza Fadly ,
|e illustrasi
|
| 999 |
|
|
|a 047408
|b BUKU
|c PINJAMAN
|e PERPUSTAKAAN KOMUNITI CAW KOTA DAMANSARA
|
| 999 |
|
|
|a 048657
|b BUKU
|c PINJAMAN
|e PERPUSTAKAAN KOMUNITI PETALING JAYA
|
| 999 |
|
|
|a 048659
|b BUKU
|c PINJAMAN
|e PERPUSTAKAAN KOMUNITI PETALING JAYA
|
| 999 |
|
|
|a 048660
|b BUKU
|c PINJAMAN
|e PERPUSTAKAAN KOMUNITI PETALING JAYA
|
| 999 |
|
|
|a 048661
|b BUKU
|c PINJAMAN
|e PERPUSTAKAAN KOMUNITI PETALING JAYA
|